000 00537nam a2200181 i 4500
001 31189
003 ES-MaACL
005 20231227160934.0
007 t|
008 030128s1893 sp |||| | spa d
080 _a821.134.2-6"19"
100 1 _aBenavente, Jacinto,
_d1866-1954
_927443
245 1 0 _aCartas de mujeres /
_ccoleccionadas por Jacinto Benavente.
260 _aMadrid :
_b[s.n.],
_c1893 (
_fTip. Franco-EspaƱola)
300 _aXIV, 163 p. ;
_c21 cm.
852 4 _aES-MaACL
_jT-1056-F-4
999 _c31189
_d31189